000 01604cam a22004694i 4500
003 PE-LiUPU
005 20250731173338.0
008 150706s r 000 0 d
020 _a9781565635159
035 _a(Sirsi) i9781565635159
040 _aPE-LiUPU
_bspa
_cPE-LiUPU
_erda
049 _aPRUA
082 0 4 _a220.601
_bT24
_221
100 1 _aTate, W. Randolph,
_eautor.
245 1 0 _aInterpreting the Bible :
_ba handbook of terms and methods /
_cW. Randolph Tate.
264 1 _aPeabody, Mass. :
_bHendrickson Publishers,
_c2006.
300 _a482 páginas ;
_c24 centímetros
336 _atext
_2rdacontent
337 _aunmediated
_2rdamedia
338 _avolume
_2rdacarrier
504 _aIncluye bibliografía.
505 0 _aHandbook of Terms A-Z.
526 _aSEG42
526 _aSEG41
526 _aSEG40
526 _aSEG39
526 _aP94
526 _aP87
526 _aP86
526 _aP85
526 _aP77
526 _aP76
526 _aP35
541 _g20081126230934D47324;
630 _aBiblia
_vCrítica, interpretación, etc.
910 _agl
_bjv
_clch
_d20090818
942 _2ddc
_cBOOK
949 _a220.601 T24
_wDEWEY
_c1
_i59845
_lCCODEBUL1
_mBUL
_p20.00
_r0
_sY
_tBOOK
_u2015-7-6
_xTEOLOGIA
_PP85
_0COMPRA
_o.STAFF. Colección General
994 _aC0
_bPEPRU
596 _a1
999 _a220.601 T24
_wDEWEY
_c49380
_i59845
_d49380
_f2021-11-9
_g5
_lCCODEBUL1
_mBUL
_p20.00
_q2
_r0
_sY
_tBOOK
_u2015-7-6
_xTEOLOGIA
_PP85
_0COMPRA
_o.STAFF. Colección General
980 _81
_gALBERTO SANCHEZ Responsable de Automatización